| 000 | 00398nam a22001697a 4500 | ||
|---|---|---|---|
| 005 | 20160627094442.0 | ||
| 008 | 160627b xxu||||| |||| 00| 0 eng d | ||
| 020 | _a0-471-40241-9 | ||
| 041 | _aeng | ||
| 082 | _b10342 | ||
| 100 |
_aDhamer, Sondra J and Kahl, Kurt W _92846 |
||
| 245 | _aRestaurant Service Basics | ||
| 260 | _bWiley | ||
| 300 | _a151 | ||
| 650 |
_aManagement _9241 |
||
| 942 | _cBK | ||
| 999 |
_c4115 _d4114 |
||